Statistiques concernant Devinez le pays asiatique sur la photo 2

Cliquez ici pour prendre le quiz!

Statistiques générales

  • Ce quiz a été pris 51 fois
  • Le résultat moyen est 4 sur 8

Statistiques - réponses

Réponse% Correct
Laos
88%
Mongolie
82%
Taïwan
71%
Bhoutan
59%
Turkménistan
43%
Géorgie
41%
Azerbaïdjan
37%
Chypre
14%

Distribution des résultats

Percentile par nombre de réponses

% des personnes avec chaque résultat

Votre développement - résultats

Vous n’avez pas pris ce quiz